Basic control system technology (Record no. 84538)

MARC details
000 -LEADER
fixed length control field 00635nam a2200145 a 4500
008 - FIXED-LENGTH DATA ELEMENTS--GENERAL INFORMATION
fixed length control field 120416s1990 ||||||||||||||||| || u
050 ## - LIBRARY OF CONGRESS CALL NUMBER
Classification number TJ 212.5 Che
100 ## - MAIN ENTRY--PERSONAL NAME
Personal name Chesmond, C. J
245 10 - TITLE STATEMENT
Title Basic control system technology
260 ## - PUBLICATION, DISTRIBUTION, ETC.
Place of publication, distribution, etc. London
Name of publisher, distributor, etc. Edward Arnold
Date of publication, distribution, etc. 1990
300 ## - PHYSICAL DESCRIPTION
Extent v, 362p. : ill.
350 ## -
-- 0.00
995 ## -
-- MAIN LIBRARY OPEN ACCESS
-- 0.00
-- 727006
-- CBU-MAIN LIBRARY (Kitwe)
-- 2
-- 25.00
-- TJ 212.5 Che
-- AVAILABLE
-- 018098
-- Main Library Open Access Collection
995 ## -
-- MAIN LIBRARY OPEN ACCESS
-- 0.00
-- 727007
-- CBU-MAIN LIBRARY (Kitwe)
-- 1
-- 25.00
-- TJ 212.5 Che
-- AVAILABLE
-- 018099
-- Main Library Open Access Collection
999 ## -
-- 84538
-- 84538

No items available.